00700nam a2200169 4500001000700000003000900007005001700016007000300033008004100036245009300077260007400170300004000244710007300284852003200357999001900389952012200408117535ES-MaACL20230906190927.0t|070214s1969 sp r ||||1| spa d00aPanorama económico de Asturias / c[Consejo Económico Sindical, Gabinete Técnico]. aOviedo : b[s. n.], c1969 (eGijón : fIndustrias Gráficas Amez) a143 p. : bil. ; c23 cm + e1 map.2 aConsejo Económico Sindical (España). bGabinete Técnico.93198 aES-MaACLjC-47435 bR.70325 c117535d117535 00104070aATENEOMbATENEOMcDEPO2d2008-01-17eSCl0oC-47435p1122540r2023-02-23 00:00:00w2023-02-23yMONOGRAFIA